00720nam a2200217Ia 450000500170000000800410001702000220005804100080008008200130008810000220010124500780012326000310020130000090023250000230024165000230026470000220028790600100030994200070031999900170032695201590034320230421113519.0230125s9999 xx 000 0 und d a978-1-905-21120-3 aeng a658bSEN aSenge P M9115120 aThe fiftth Disciplineb the art and practice of the learning organisation c2006bRandom houseaLondon a445p aGeneral Management aGeneral Management aSenge P M9115120 b397.5 cDB c92910d92910 00104070aHIMRbHIMRd2015-06-22eDonated Book- Outside Donarg795.00o658 SEN DB2067pHIMR-DB-2067r2023-01-25 00:00:00v397.50w2023-01-25yDBzDB2067